Statistics for Countries with the most MacDonald's outlet

Click here to take the quiz!

General Stats

  • This quiz has been taken 82 times
  • The average score is 14 of 20

Answer Stats

#Number of currently operating outletAnswer% Correct
113257USA
100%
61400Canada
92%
23737China
87%
41500France
87%
71300UK
87%
51438Germany
83%
32900Japan
83%
81031Brazil
80%
9981Australia
79%
16402Mexico
79%
12550Spain
79%
11640Italy
76%
18300India
72%
14447South Korea
65%
13492Poland
61%
20275South Africa
54%
17304Saudi Arabia
44%
10655Philippines
38%
15413Taiwan
28%
19282Malaysia
24%

Score Distribution

Percentile by Number Answered

Percent of People with Each Score

Your Score History

You have not taken this quiz